| 000 | 06031 a2200445 4500 | ||
|---|---|---|---|
| 008 | 090609t xxu||||| |||| 00| 0 hin d | ||
| 010 | _aB-299322-341 | ||
| 020 |
_c200.00 _a8188197122 |
||
| 035 | _aB-299322-341 | ||
| 037 | _bकविता बुक सेंटर | ||
| 040 |
_adpl _bHIN |
||
| 082 | _aउ | ||
| 100 | _aशर्मा, यादवेन्द्र 'चन्द्र ' | ||
| 245 |
_aतपस्या / _cयादवेन्द्र शर्मा 'चन्द्र' |
||
| 260 |
_aदिल्ली _bकविता बुक सेंटर _c2007 |
||
| 270 |
_aई-5/13, लाजपतराय चौक,कृष्णनगर _bदिल्ली _cदिल्ली _e110051 |
||
| 300 |
_a152पृ _c22 सेमी (सजिल्द) |
||
| 942 |
_adpl _cHN _k / शर्माया _2ddc _hउ _m शर्माया |
||
| 999 |
_c12300 _d12300 |
||